000 00614nam a2200181 i 4500
001 91427
003 ES-MaACL
005 20230906180723.0
007 t|
008 050131s1920 fr ||||1| fre d
100 1 _aLevy-Salvador, Paul.
_972017
245 1 0 _aCours d'hidraulique
_b: libre V aménagement des cours d'eau en vue de la production de l'énérgie électrique /
_cpar Levy-Salvador, M. Cauvin.
250 _a5éme ed.
260 _aParis :
_bLib. de L'Enseignement Technique,
_c1920 (
_fVaugirard)
300 _a320 p. :
_bil. ;
_c25 cm.
700 1 _aCauvin, M.
_937128
852 _aES-MaACL
_jB-13041
999 _c91427
_d91427